Rozporuplná diskusia o cestovnom ruchu v rozšírenej EÚ

Zmluva o Ústave pre Európu a otázka rozvoja cestovného ruchu. Vplyv rozšírenia únie na cestovný ruch. Európsky hospodársky a sociálny výbor (EHSV) a podpora cestovného ruchu. Kľúčové otázky prerokúvané v EHSV.

Na minha lista:
Detalhes bibliográficos
Formato: Capítulo de Livro
Idioma:eslovaco
Assuntos:
Tags: Adicionar Tag
Sem tags, seja o primeiro a adicionar uma tag!

MARC

LEADER 00000naa$a2200000$$$4500
001 0027956
005 20231004125855.9
041 0 |a slo 
044 |a SK 
245 1 0 |a Rozporuplná diskusia o cestovnom ruchu v rozšírenej EÚ 
520 |a Zmluva o Ústave pre Európu a otázka rozvoja cestovného ruchu. Vplyv rozšírenia únie na cestovný ruch. Európsky hospodársky a sociálny výbor (EHSV) a podpora cestovného ruchu. Kľúčové otázky prerokúvané v EHSV. 
610 2 0 |a ruch cestovný 
610 2 0 |a turistika 
610 2 0 |a konkurencieschopnosť 
610 2 0 |a sektor verejný 
610 2 0 |a sektor súkromný 
610 2 0 |a zamestnanosť 
610 2 0 |a ochrana prostredia životného 
610 2 0 |a projekty 
610 2 0 |a fondy štruktúrne 
610 2 0 |a dohody medzinárodné 
610 2 0 |a spolupráca medzinárodná 
610 2 0 |a Európska únia